The Strokes Lyrics Quiz - Statistics

General Stats
  • This quiz has been taken 531 times
  • The average score is 15 of 40
Answer Stats
Lyrics Song % Correct
27. My ex says I'm lacking in depth Someday
74%
7. Our lives are changing lanes Reptilia
69%
17. Inside they might feel sad and wrong You Only Live Once
65%
12. If I was like them, all pissed in this bar Is This It
64%
38. I watch the TV, forget what I'm told Hard to Explain
62%
19. Oh really, your folks are away now? 12:51
61%
6. Saw pain in a new way Soma
59%
14. Everybody's singing the same song for 10 years Under Cover of Darkness
59%
13. What kind of asshole drives a Lotus? Welcome to Japan
59%
26. Work hard and say it's easy The Modern Age
53%
3. You're so gullible, but I don't mind Taken For a Fool
49%
15. 1969, what's that sound? The End Has No End
48%
34. To me my life it just don't make any sense Barely Legal
45%
9. I hate myself for hating them On the Other Side
43%
18. At least I'm on my own again Trying Your Luck
43%
39. How disappointed would D.I.D.I.P.P. be? Ize of the World
40%
20. But there's a million reasons to leave One Way Trigger
38%
1. We named our summer camp for you Ask Me Anything
37%
25. I don't feel what you feel Heart in a Cage
36%
4. I will say, don't judge me 50/50
35%
16. Laughing at the life you're wasting I Can't Win
35%
36. Modern girls always have to go Modern Girls and Old Fashion Men
32%
37. You trained me not to love Meet Me in the Bathroom
31%
35. You are young, darling, for now but not for long Under Control
30%
29. I love you more than being 17 Evening Sun
29%
2. Loves his job, takes it home When It Started
29%
5. You're not supposed to say that You Talk Way Too Much
29%
33. The 50th state... What? Hawaii
27%
30. It's just the second time we lost the war Between Love & Hate
25%
21. Everyone can hear you in this whole damn crowd Slow Animals
25%
32. I look for you and you look away Call Me Back
24%
24. She's starting to realize that it's actually not a good thing Gratisfaction
24%
10. I want to be outrageous, but inside I know I'm plain Metabolism
24%
31. So please, run away 80's Comedown Machine
23%
28. 5 days to rehearse, 6 to make it work 15 Minutes
21%
8. I was hiding from the world, I was a squirrel Fear of Sleep
21%
11. I was just returning you the compliment Electricityscape
20%
22. I will wait one more night Games
20%
23. Long term and short term joy Two Kinds of Happiness
14%
40. I try to reach to God with just one hand In Her Prime
5%
No matching quizzes found
Score Distribution
Percent of People with Each Score
Percentile by Number Answered
Your Score History
You have not taken this quiz